HUMAN RIGHTS (Record no. 9686)

MARC details
000 -LEADER
fixed length control field 00272nam a22001337a 4500
003 - CONTROL NUMBER IDENTIFIER
control field SGT
082 ## - DEWEY DECIMAL CLASSIFICATION NUMBER
Classification number 341.48,VER
100 ## - MAIN ENTRY--PERSONAL NAME
Personal name VERMA,R.S
245 ## - TITLE STATEMENT
Title HUMAN RIGHTS
260 ## - PUBLICATION, DISTRIBUTION, ETC. (IMPRINT)
Place of publication, distribution, etc DELHI
Name of publisher, distributor, etc INDIAN PUBLICATION
Year of Publication 2000
300 ## - PAGE DESCRIPTION
No. of Pages 632
650 ## - SUBJECT ADDED ENTRY--TOPICAL TERM
Topical term or geographic name as entry element HUMAN RIGHTS
942 ## - ADDED ENTRY ELEMENTS (KOHA)
Source of classification or shelving scheme Dewey Decimal Classification
Koha item type Books
Holdings
Withdrawn status Lost status Source of classification or shelving scheme Damaged status Not for loan Collection code Home library Current library Shelving location Date acquired Vendor Name Volume Information (Serial or Books or Non-Book Material) SGTU Full call number Accession No. (Barcode) Date last seen Bill Date Koha item type
    Dewey Decimal Classification   Not For Loan LAW SGT Science & Social Sciences Library SGT Science & Social Sciences Library Reference Book 27/07/2016 GIFT BY DR. DILIP SINGH II SGTU 341.48,VER FL286 27/07/2016 27/07/2016 Books
    Dewey Decimal Classification   Not For Loan LAW SGT Science & Social Sciences Library SGT Science & Social Sciences Library Reference Book 27/07/2016 GIFT BY DR. DILIP SINGH I SGTU 341.48,VER FL287 27/07/2016 27/07/2016 Books
    Dewey Decimal Classification   Not For Loan LAW SGT Science & Social Sciences Library SGT Science & Social Sciences Library Reference Book 27/07/2016 GIFT BY DR. DILIP SINGH   SGTU 341.48,VER FL295 27/07/2016 27/07/2016 Books